evaluation of fertilzer of fresh solidmanure,composted manure,biodgester effluent for growth chinese cabbage ,ការវាយតម្លៃប្រភេទជីកាកសំណល់លាមកគោស្រស់កំប៉ុស្តិ័ឡជីវឧស្ម័នលើការលូតលាស់ដំណាំស្ពៃក្រញ៉ាញ់ (Record no. 17099)

000 -LEADER
fixed length control field 00750nam a22001337a 4500
040 ## - CATALOGING SOURCE
Transcribing agency RUA
082 ## - DEWEY DECIMAL CLASSIFICATION NUMBER
Classification number AGR SUY 2016 B606 Or.1
100 ## - MAIN ENTRY--AUTHOR NAME
Personal name SUY LINA,ស៊ុយ លីណា
245 ## - TITLE STATEMENT
Title evaluation of fertilzer of fresh solidmanure,composted manure,biodgester effluent for growth chinese cabbage ,ការវាយតម្លៃប្រភេទជីកាកសំណល់លាមកគោស្រស់កំប៉ុស្តិ័ឡជីវឧស្ម័នលើការលូតលាស់ដំណាំស្ពៃក្រញ៉ាញ់
260 ## - PUBLICATION, DISTRIBUTION, ETC. (IMPRINT)
Place of publication phnom penh
Name of publisher rua
Year of publication 2016
300 ## - PHYSICAL DESCRIPTION
Number of Pages viii,32p;
Other physical details ill;
Dimensions 29cm;
856 ## - ELECTRONIC LOCATION AND ACCESS
Uniform Resource Identifier https://drive.google.com/file/d/1BV6XMiwlpTGCCGJelnExa3TcluINeCbS/view?usp=sharing
942 ## - ADDED ENTRY ELEMENTS (KOHA)
Koha item type AGR
952 ## - LOCATION AND ITEM INFORMATION (KOHA)
Withdrawn status [LOCAL, KOHA] 0
952 ## - LOCATION AND ITEM INFORMATION (KOHA)
Withdrawn status [LOCAL, KOHA] 0
952 ## - LOCATION AND ITEM INFORMATION (KOHA)
Withdrawn status [LOCAL, KOHA] 0
952 ## - LOCATION AND ITEM INFORMATION (KOHA)
Withdrawn status [LOCAL, KOHA] 0
952 ## - LOCATION AND ITEM INFORMATION (KOHA)
Withdrawn status [LOCAL, KOHA] 0
952 ## - LOCATION AND ITEM INFORMATION (KOHA)
Withdrawn status [LOCAL, KOHA] 0
952 ## - LOCATION AND ITEM INFORMATION (KOHA)
Withdrawn status [LOCAL, KOHA] 0
952 ## - LOCATION AND ITEM INFORMATION (KOHA)
Withdrawn status [LOCAL, KOHA] 0
Holdings
Permanent Location Date acquired Koha item type Lost status Shelving location Barcode Current Location Full call number
Library Block B2018-08-03AGR B606A30269Library Block BAGR SUY 2016 B606 Or.1
Library Block B2018-08-03AGR B606A29446Library Block BAGR SUY 2016 B606 Or.2
Library Block B2018-08-03AGR B606A29521Library Block BAGR SUY 2016 B606 Or.3
Library Block B2018-08-03AGR B606A29974Library Block BAGR SUY 2016 B606 Or.4
Library Block B2018-08-03AGR B606A30049Library Block BAGR SUY 2016 B606 Or.5
Library Block B2018-08-03AGR B606A30124Library Block BAGR SUY 2016 B606 Or.6
Library Block B2018-08-03AGR B606A30199Library Block BAGR SUY 2016 B606 Or.7
Library Block B2018-08-03AGR B606A30274Library Block BAGR SUY 2016 B606 Or.8
មជ្ឈមណ្ឌលឯការនៃសាកលវិទ្យាល័យភូមិន្ទកសិកម្មចំការដូង

Powered by Koha